Civil society (Record no. 1848533)

MARC details
000 -LEADER
fixed length control field 00516nam a22002057a 4500
005 - DATE AND TIME OF LATEST TRANSACTION
control field 20260424153525.0
008 - FIXED-LENGTH DATA ELEMENTS--GENERAL INFORMATION
fixed length control field 260424b |||||||| |||| 00| 0 eng d
037 ## - SOURCE OF ACQUISITION
Terms of availability DSWL
040 ## - CATALOGING SOURCE
Original cataloging agency DSWL
Transcribing agency DSWL
041 ## - LANGUAGE CODE
Language code of original eng
084 ## - COLON CLASSIFICATION NUMBER
Classification number Y:1v Q8
100 ## - MAIN ENTRY--PERSONAL NAME
Personal name Ehrenberg, John
9 (RLIN) 1235697
245 ## - TITLE STATEMENT
Title Civil society
250 ## - EDITION STATEMENT
Edition statement 2nd
260 ## - PUBLICATION, DISTRIBUTION, ETC.
Place of publication, distribution, etc. New Delhi,
Name of publisher, distributor, etc. Sage Publication,
Date of publication, distribution, etc. 2018
300 ## - PHYSICAL DESCRIPTION
Extent 331p
365 ## - TRADE PRICE
Price type code INR
Price amount 750
942 ## - ADDED ENTRY ELEMENTS (KOHA)
Source of classification or shelving scheme Colon Classification (CC)
Koha item type Textual
Classification part Y:1v Q8
Suppress in OPAC No
Holdings
Withdrawn status Lost status Source of classification or shelving scheme Damaged status Not for loan Home library Current library Date acquired Source of acquisition Cost, normal purchase price Total Checkouts Full call number Barcode Date last seen Price effective from Koha item type
    Colon Classification (CC)     Department of Social Work Library Department of Social Work Library 2026-04-24 S.K.Books 750.00   Y:1v Q8 SW0032430 2026-04-24 2026-04-24 Textual
Copyright @ Delhi University Library System